Personnages principaux des jeux Pokémon de la série principale - Statistiques

Statistiques générales
  • Ce quiz a été pris 73 fois
  • Le résultat moyen est 12 sur 25
Statistiques - réponses
Jeu correspondant Nom du personnage principal % Correct
Personnage masculin, Rouge/Verte/Bleue/Jaune/Rouge Feu/Vert Feuille Red
98%
Personnage féminin, Rubis/Saphir/Emeraude/Rubis Oméga/Saphir Alpha Flora
82%
Personnage féminin, Diamant/Perle/Platine/Diamant Etincelant/Perle Scintillante Aurore
77%
Personnage masculin, Or/Argent/Cristal/Or Heartgold/Argent Soulsilver Luth
75%
Personnage masculin, Rubis/Saphir/Emeraude/Rubis Oméga/Saphir Alpha Brice
72%
Personnage féminin, X/Y Serena
68%
Personnage masculin, Diamant/Perle/Platine/Diamant Etincelant/Perle Scintillante Louka
60%
Personnage masculin, X/Y Kalem
58%
Personnage féminin, Rouge Feu/Vert Feuille Leaf
52%
Personnage féminin, Or Heartgold/Argent Soulsilver Célesta
50%
Personnage masculin, Noire/Blanche Ludwig
45%
Personnage féminin, Epée/Bouclier Gloria
43%
Personnage féminin, Noire/Blanche Ludvina
43%
Personnage féminin, Noire 2/Blanche 2 Echo
40%
Personnage masculin , Noire 2/Blanche 2 Mélis
38%
Personnage féminin, Cristal Christy
35%
Personnage masculin, Epée/Bouclier Victor
35%
Personnage masculin, Légendes Pokémon Arceus Aurel
33%
Personnage féminin, Soleil/Lune/Ultra-Soleil/Ultra/Lune Selene
28%
Personnage féminin, Légendes Pokémon Arceus Lucia
27%
Personnage masculin, Soleil/Lune/Ultra-Soleil/Ultra/Lune Elio
25%
Personnage masculin, Let's Go Pikachu/Let's Go Evoli Chase
23%
Personnage féminin, Let's Go Pikachu/Let's Go Evoli Elaine
22%
Personnage féminin, Ecarlate/Violet Juliana
20%
Personnage masculin, Ecarlate/Violet Florian
18%
Aucun quiz correspondant
Distribution des résultats
% des personnes avec chaque résultat
Percentile par nombre de réponses
Votre historique - résultats
Vous n’avez pas pris ce quiz